000 00507nam a22001697a 4500
003 BD-ChCU
005 20260419095150.0
008 260419b bg ||||| |||| 00| 0 ben d
040 _cBD-ChCU
082 _a329.02 THP
100 _aThumm , Garold W.
_921577
245 _aParties and the government al System :
_ba book of reading ./
_cGarold W. Thumm .
260 _aEngle wood Cliffs :
_bPrentice - Hall
_cC 1967
300 _axiv , 286p.
650 0 _aPolitical Parties .
_921580
942 _2ddc
_cBK
_n0
999 _c112253
_d112253